| 000 | 00599nam a22001937a 4500 | ||
|---|---|---|---|
| 005 | 20140916150153.0 | ||
| 010 | _aENG-110859 | ||
| 020 |
_a 9788170174974 _c350.00 |
||
| 020 |
_a817017497x _c350.00 |
||
| 035 | _aEN-94391 | ||
| 037 | _bDBAD/PUB | ||
| 082 | _a158.1 | ||
| 100 | _aSubramanian, V.K. | ||
| 245 |
_aHeavenly living, here and now : _cby V.K. Subramanian _ba complete guide to total life management / |
||
| 260 |
_aNew Delhi _bAbhinav Publications _c2014 |
||
| 270 |
_aE-37 Hauz Khas _bNew Delhi _e110016 |
||
| 300 |
_a175p. _c22cm(Hb) |
||
| 942 |
_2ddc _cEN _mSUB _h158.1 |
||
| 999 |
_c88642 _d88642 |
||